Alle Masken in The Legend of Zelda: Majora’s Mask - Statistiken

Allgemein
  • Dieses Quiz wurde 23 mal gespielt
  • Das Durchschnittsergebnis liegt bei 13 aus 24
Antwortstatistiken
Antwort % Korrekt
Goronen-Haut
100%
Zora-Schuppen
100%
Deku-Schale
92%
Hasenohren
92%
Gesicht der grimmigen Gottheit
77%
Fels-Maske
69%
Mütze des Postboten
69%
Bremer Maske
62%
Maske der Nacht
62%
Fuchs-Maske
54%
Gibdos Maske
54%
Kafeis Maske
54%
Maske des Giganten
54%
Maske des Zirkusdirektors
54%
Maske der Liebenden
46%
Feen-Maske
38%
Garos Maske
38%
Helm des Hauptmanns
38%
Maske der Düfte
38%
Don Geros Maske
31%
Ka-Bumm-Maske
31%
Maske der Wahrheit
31%
Kamaros Maske
23%
Romanis Maske
23%
Keine übereinstimmenden Quizze gefunden
Verteilung der Resultate
Anzahl Personen mit jedem Resultat
Perzentil nach korrekt beantworteten Fragen
Ihre Resultats-Entwicklung
Sie haben dieses Quiz noch nicht gespielt